000 01313nam a2200289 4500
003 OSt
005 20240325160247.0
008 240320s2023 my a jr 000 0 may d
020 _a9786299890003
_cRM 0.00
_qhardback
040 _aPPAK
_beng
_cPPAK
_erda
082 0 4 _223
_a899
090 0 0 _a899
_bNOR
_dK
100 0 _aNor Azhar Ishak
_eauthor
245 1 0 _aBurung yang Pelik /
_cCerita dan illustrasi: Nor Azhar Ishak ; Editor: Mahaya Mohd. Yassin, Munsyi Dewan
264 1 _aKuala Lumpur :
_bCetak Jitu Sdn. Bhd.,
_c2023
300 _a30 unnumbered pages :
_bcolour illustrations ;
_c31 cm
336 _atext
_2rdacontent
337 _aunmediated
_2rdamedia
338 _avolume
_2rdacarrier
520 _aCerita ini mengisahkan tentang seekor ayam hutan yang mengembara mencari seekor merak betina yang cantik. Ayam berhajat menjadikan merak itu pasangannya. Dalam pengembaraannya, ia terjumpa dengan tujuh ekor burung. Ketujuh-tujuh ekor burung itu meminjamkan satu ciri menarik yang dimiliki mereka kepada Ayam Jantan agar Ayam Jantan menjadi sehebat Merak Betina. Adakah Ayam Jantan berjaya mencapai hajatnya?
521 _a7-12 tahun
650 1 0 _aAnimals
650 2 0 _aChildren's stories
_vMalay
700 _aMahaya Mohd. Yassin
700 _aMunsyi Dewan
942 _2ddc
_cB
999 _c195414
_d195414